000
00259nam a22001217a 4500
008
171228b xxu||||| |||| 00| 0 eng d
041
_a
eng
080
_a
54
100
_a
12
101
_a
KIM
245
_a
WHY POISON OURSELVES?
_c
GINN,A.P
942
_2
udc
_c
BK
999
_c
39522
_d
39522